El misterio del punto ciego / (Registro nro. 3337)
[ vista simple ]
| 000 -LEADER | |
|---|---|
| fixed length control field | 00961nam a2200241Ia 4500 |
| 003 - CONTROL NUMBER IDENTIFIER | |
| control field | OSt |
| 005 - DATE AND TIME OF LATEST TRANSACTION | |
| control field | 20250710110159.0 |
| 008 - FIXED-LENGTH DATA ELEMENTS--GENERAL INFORMATION | |
| fixed length control field | 191128s1991 ck a jr 000 f spa d |
| 020 ## - INTERNATIONAL STANDARD BOOK NUMBER | |
| International Standard Book Number | 9580413851 |
| 040 ## - CATALOGING SOURCE | |
| Original cataloging agency | CO-JMCR |
| Transcribing agency | CO-JMCR |
| 041 ## - LANGUAGE CODE | |
| Language code of text/sound track or separate title | spa |
| 082 04 - DEWEY DECIMAL CLASSIFICATION NUMBER | |
| Classification number | N |
| Item number | EHMm |
| 100 ## - MAIN ENTRY--PERSONAL NAME | |
| Personal name | Ehm, Christine, |
| Relator term | autora |
| 9 (RLIN) | 6861 |
| 245 13 - TITLE STATEMENT | |
| Title | El misterio del punto ciego / |
| Statement of responsibility, etc. | Christine Ehm; traducción Juan Fernando Esguerra; ilustraciones de Christophe Rouil |
| 260 ## - PUBLICATION, DISTRIBUTION, ETC. | |
| Place of publication, distribution, etc. | Bogotá : |
| Name of publisher, distributor, etc. | Norma, |
| Date of publication, distribution, etc. | 1991 |
| 300 ## - PHYSICAL DESCRIPTION | |
| Extent | 191 páginas : |
| Other physical details | ilustraciones a blanco y negro ; |
| Dimensions | 19 cm. |
| 490 0# - SERIES STATEMENT | |
| Series statement | Torre de papel azul |
| 520 ## - SUMMARY, ETC. | |
| Summary, etc. | Al bajar la escalera, Gran Lu se parte una pierna. Un extraño médico de lentes oscuros lo atiende y le dice que debe quedarse quieto y tranquilo en su cama para que la pierna sane. |
| 650 14 - SUBJECT ADDED ENTRY--TOPICAL TERM | |
| Topical term or geographic name entry element | Novela juvenil |
| 9 (RLIN) | 6862 |
| 700 ## - ADDED ENTRY--PERSONAL NAME | |
| Personal name | Esguerra, Juan Fernando, |
| Relator term | traductor |
| 9 (RLIN) | 6863 |
| 700 ## - ADDED ENTRY--PERSONAL NAME | |
| Personal name | Rouil, Christophe, |
| Relator term | ilustrador |
| 9 (RLIN) | 6864 |
| 942 ## - ADDED ENTRY ELEMENTS (KOHA) | |
| Source of classification or shelving scheme | Dewey Decimal Classification |
| Koha item type | Books |
| Withdrawn status | Lost status | Source of classification or shelving scheme | Damaged status | Not for loan | Home library | Current library | Date acquired | Source of acquisition | Total Checkouts | Full call number | Barcode | Date last seen | Date last checked out | Copy number | Koha item type |
|---|---|---|---|---|---|---|---|---|---|---|---|---|---|---|---|
| Dewey Decimal Classification | Biblioteca Pública José María del Castillo y Rada | Biblioteca Pública José María del Castillo y Rada | 11/28/2019 | Donación | 1 | N EHMm | 201806986 | 03/31/2026 | 03/31/2026 | Ej.1 | Books |